000 00216 a2200097 4500
001 19864
100 _aGiachino J W
245 _aGeneral metals for technology
260 _a
_bBruce Pub Co
_c
090 _c14486
_d14486
942 _aNUST-CAE
_cM
_c4987
999 _c254937
_d254937